| 000 | 00539nam a22001817a 4500 | ||
|---|---|---|---|
| 003 | OSt | ||
| 005 | 20221031165826.0 | ||
| 008 | 221031b |||||||| |||| 00| 0 eng d | ||
| 020 | _a0-921972-47-4 | ||
| 040 | _cBiblioteca Lado V | ||
| 082 |
_2708 _aL187p |
||
| 100 |
_aLaing, Jeremy _econcepto _9263 |
||
| 245 | _aPavilion of Virginia puff-paint/ | ||
| 260 |
_aCanada _bArt Gallery of York University, Toronto _c2006 |
||
| 300 |
_a70p. _c27x18cm |
||
| 700 |
_aMunro, Will _econcepto |
||
| 942 |
_2ddc _c1 _h708 _iL187p _n0 |
||
| 999 |
_c2436 _d2436 |
||